An overview of invasive haemophilus influenzae infections in the paediatric population at University Hospital /
Saved in:
| 主要作者: | |
|---|---|
| 格式: | Thesis 圖書 |
| 語言: | English |
| 出版: |
1997.
|
| 主題: | |
| 標簽: |
添加標簽
沒有標簽, 成為第一個標記此記錄!
|
| LEADER | 01116cam a2200265 a 4500 | ||
|---|---|---|---|
| 001 | u423076 | ||
| 003 | SIRSI | ||
| 008 | 920604s1997 my t 00 1 eng | ||
| 035 | |a ACE-9728 | ||
| 040 | |a UMP | ||
| 096 | |a WS200 |b UM 1997 Won | ||
| 100 | 1 | |a Wong, May Foong. | |
| 245 | 1 | 3 | |a An overview of invasive haemophilus influenzae infections in the paediatric population at University Hospital / |c Wong May Foong. |
| 260 | |c 1997. | ||
| 300 | |a xi, 121 leaves : |b ill. ; |c 28 cm. | ||
| 500 | |a Dissertation submitted in fulfilment of the requirements for Masters of Paediatrics. | ||
| 502 | |a Dissertation (M. Ped.)-- Faculty of Medicine, University of Malaya, Kuala Lumpur, 1997. | ||
| 504 | |a Bibliography: leaves 115-121. | ||
| 650 | 2 | |a Haemophilus influenzae |x in infancy & childhood. | |
| 650 | 2 | |a Haemophilus Infections |x in infancy & childhood. | |
| 740 | |a Haemophilus Influenzae infections | ||
| 948 | |a 20/04/1998 |b 02/05/2000 | ||
| 596 | |a 2 | ||
| 999 | |a WS200 WON 1997 |w NLM |c 1 |i A502742876 |l TESIS |m P02MEDKL |r Y |s Y |t TESIS |u 28/4/1999 | ||
| 999 | |a WS200 WON 1997 |w NLM |c 1 |i A502742803 |l TESIS |m P02MEDKL |r Y |s Y |t TESIS |u 16/5/2000 | ||
